000 00701nam a2200229Ia 4500
003 OSt
005 20220923223547.0
006 a|||||r|||| 00| 0
007 ta
008 Pun
024 _a218,855
037 _cTextual
040 _aARTS
_cARTS
_bPun
041 _2Pun
_aPun
082 _aQ8441, 153P3
100 _aਭਲਾੱ, ਜਸਬੀਰ ਸਿੰਘ
_9156315
245 0 _aਸਿਖ ਸਿਧਾਂਤ ਗੁਰਮਤਿ ਵਿਚਾਰਧਾਰਾ
260 _aਦਿੰਲੀ
_b ਮਨਪ੍ਰੀਤ ਪ੍ਰਕਾFਨ
_c2003
300 _a148ਪੰ
_ccm.
942 _hQ8441, 153P3
_cTEXL
_2CC
999 _c366189
_d366189